Golden CUET ;(COMMON UNIVERSITY ENTERANCE TEST) For UNDERGRADUATE COURSES ; हिन्दी ( CODE: 102) (Record no. 199678)
[ view plain ]
| 000 -LEADER | |
|---|---|
| fixed length control field | 00709nam a22001817a 4500 |
| 005 - DATE AND TIME OF LATEST TRANSACTION | |
| control field | 20231215151143.0 |
| 010 ## - LCCN (DPL NO) | |
| LC control number | HIN-126575 |
| 020 ## - INTERNATIONAL STANDARD BOOK NUMBER | |
| International Standard Book Number | 9789394406384 |
| Terms of availability | 199.00 |
| 035 ## - SYSTEM CONTROL NUMBER | |
| System control number | HN-98921 |
| 037 ## - SOURCE OF ACQUISITION | |
| Source of stock number/acquisition | DBAD/PUB |
| 082 ## - DEWEY DECIMAL CLASSIFICATION NUMBER | |
| Classification number | 420 |
| 100 ## - MAIN ENTRY--PERSONAL NAME | |
| Personal name | Chandra,Saumya |
| 245 ## - TITLE STATEMENT | |
| Title | Golden CUET ;(COMMON UNIVERSITY ENTERANCE TEST) For UNDERGRADUATE COURSES ; हिन्दी ( CODE: 102) |
| Statement of responsibility, etc | Saumya Chandra |
| 260 ## - PUBLICATION, DISTRIBUTION, ETC. (IMPRINT) | |
| Place of publication, distribution, etc | NEW DELHI |
| Name of publisher, distributor, etc | LAXMI PUBLICATIONS (P) LTD |
| 270 ## - ADDRESS | |
| Address | 113,GOLDEN HOUSE, GURUDWARA ROAD, |
| City | DARYAGANJ, |
| Postal code | 110002 |
| Telephone number | 911143532500, 43532500, 43532501 |
| Electronic mail address | www.laxmipublications.com |
| 300 ## - PHYSICAL DESCRIPTION | |
| Extent | 100 पिष्ट.; |
| Dimensions | 27 cm (अजिल्द) |
| 942 ## - ADDED ENTRY ELEMENTS (KOHA) | |
| Item type | Hindi Books |
| Source of classification or shelving scheme | Dewey Decimal Classification |
| Classification part | 420 |
| Call number suffix | Cha |
| Withdrawn status | Lost status | Not for loan | Collection code | Home library | Current library | Date acquired | Source of acquisition | Cost, normal purchase price | Full call number | Barcode | Copy number | Cost, replacement price | Koha item type |
|---|---|---|---|---|---|---|---|---|---|---|---|---|---|
| Non-fiction | Ashok Vihar | Ashok Vihar | 15/12/2023 | DBAD/PUB | 199.00 | 420 CHA | HN-98921 | 1 | 199.00 | Hindi Books |
